Kassai személyiségek lexikona

Bibliographic Details
Main Author: Balassa, Zoltán, 1949- (Author)
Format: Article
Language:Hungarian
PhysicalDescription:Fotogr.
Subjects:

MARC

LEADER 00000nab a2200000 a 4500
001 vtls010668962
003 SK-MaSNL
005 20260319071204.0
008 150422|2015 xo m| | |00 0|hun
038 |a KEVKJB 
040 |a KEVKJB  |b slo  |c KEVKJB  |e AACR2 
041 0 |a hun 
044 |a xo  |c SK 
080 |a 821.162.4(031)  |2 2001 
100 1 |a Balassa, Zoltán,  |d 1949-  |4 aut  |9 502859 
245 1 0 |a Kassai személyiségek lexikona  |c Balassa Zoltán 
300 |b Fotogr. 
600 1 7 |a Gašpar, Ján,  |d 1953-2018  |t Lexikón Košičanov 1848-1938, A-I, 1. diel  |2 snkbucl  |9 1096075 
650 0 7 |a lexikóny  |2 kevkjb  |9 284067 
655 7 |a recenzie  |2 kevkjb  |9 21907 
773 0 |t Kassai Figyelő  |g Évf. XIII, sz.4 (2015), o. 16-17 
852 |a KEVKJB  |b KIS3GCP 
958 |a HU 
958 |a RC 
999 |c 1801087  |d 1803017